Journal of Leadership Studies Expanding Interdisciplinary Discourse

Gespeichert in:
Bibliographische Detailangaben
Format: Schriftenreihe
Sprache:Englisch
Veröffentlicht: Phoenix University of Phoenix
Tags: Tag hinzufügen
Keine Tags, Fügen Sie das erste Tag hinzu!

MARC

LEADER 00000nas1a2200000 4500
001 0269943
005 20250701092121.5
022 |a 1935-262X 
022 |a 1935-2611 
041 0 |a eng 
044 |a US 
245 1 0 |a Journal of Leadership Studies  |b Expanding Interdisciplinary Discourse 
264 1 |a Phoenix  |b University of Phoenix